Biblioteca y Centro de Documentación

Capital goods, measured TFP and growth (Registro nro. 47704)

Detalles MARC
000 -CABECERA
Longitud fija campo de control 00993naa a2200277 c 4500
001 - NÚMERO DE CONTROL
Número de control 47704
003 - IDENTIFICADOR DE NÚMERO DE CONTROL
Identificador del número de control ES-MaCES
005 - FECHA Y HORA DE LA ÚLTIMA TRANSACCIÓN
Fecha y hora de la última transacción 20160525103943.0
008 - CAMPO FIJO DE DESCRIPCIÓN FIJA--INFORMACIÓN GENERAL
Códigos de información de longitud fija   160525s2016 ne ||||| t||||||| ||eng d
040 ## - FUENTE DE CATALOGACIÓN
Centro catalogador de origen ES-MaCES
Lengua de catalogación spa
Centro transcriptor ES-MaCES
Centro modificado ES-MaCES
100 1# - ENCABEZAMIENTO PRINCIPAL--NOMBRE PERSONAL
9 (RLIN) 36928
Nombre de persona Díaz, Antonia
245 10 - MENCIÓN DE TÍTULO
Título Capital goods, measured TFP and growth
Resto del título : the case of Spain
Mención de responsabilidad, etc. Antonia Díaz, Luis Franjo
500 ## - NOTA GENERAL
Nota general Resumen
504 ## - NOTA DE BIBLIOGRAFÍA, ETC.
Nota de bibliografía, etc. Bibliografía: p. 39
650 #4 - ASIENTO SECUNDARIO DE MATERIA--TÉRMINO DE MATERIA
9 (RLIN) 27094
Término de materia o nombre geográfico como elemento inicial crecimiento económico
650 #4 - ASIENTO SECUNDARIO DE MATERIA--TÉRMINO DE MATERIA
9 (RLIN) 28259
Término de materia o nombre geográfico como elemento inicial productividad
650 #4 - ASIENTO SECUNDARIO DE MATERIA--TÉRMINO DE MATERIA
9 (RLIN) 29369
Término de materia o nombre geográfico como elemento inicial producto interior bruto
650 #4 - ASIENTO SECUNDARIO DE MATERIA--TÉRMINO DE MATERIA
9 (RLIN) 28141
Término de materia o nombre geográfico como elemento inicial inversión
650 #4 - ASIENTO SECUNDARIO DE MATERIA--TÉRMINO DE MATERIA
9 (RLIN) 27069
Término de materia o nombre geográfico como elemento inicial econometría
650 #4 - ASIENTO SECUNDARIO DE MATERIA--TÉRMINO DE MATERIA
9 (RLIN) 27070
Término de materia o nombre geográfico como elemento inicial análisis económico
650 #4 - ASIENTO SECUNDARIO DE MATERIA--TÉRMINO DE MATERIA
9 (RLIN) 26964
Término de materia o nombre geográfico como elemento inicial España
653 10 - TÉRMINO DE INDEXACIÓN--NO CONTROLADO
Término no controlado Economía
773 0# - ENTRADA DE DOCUMENTO FUENTE
Itemnumber del ítem fuente 84450
Lugar, editor y fecha de publicación Amsterdam (P.O. Box 211, 1000 AE) Elsevier Science
Otro identificador del documento 087352
Título European economic review
Número de control del registro relacionado (ES-MaCES)25173
Parte(s) relacionada(s) vol. 83 (Apr. 2016) {10156 R. 087352} ;p. 19-39
902 ## - CES. TIPO DE DOCUMENTO
Tipodoc (006$c Sirtex) ART Artículo de revista
942 ## - ELEMENTOS KOHA
Fuente de clasificaión o esquema Clasificación propia del CES
Koha [por defecto] tipo de item Artículos (1982-2017)
Parte de clasificación Economía

No hay ítems disponibles.

© CES, Consejo Económico y Social de España 2021